| 000 | 00588nam a22001817a 4500 | ||
|---|---|---|---|
| 999 |
_c62692 _d62692 |
||
| 003 | Ge_BSU | ||
| 005 | 20250123155244.0 | ||
| 008 | 250123s2013 enk||||| |||| 00| 0 eng d | ||
| 020 | _a9780988479708x | ||
| 041 | _aeng | ||
| 080 | _a338.22 : 336 J-76 | ||
| 100 |
_aJohnson, Kevin D. _924099 |
||
| 245 |
_aThe Entrepreneur Mind: _b100 Essential Beliefs, Characteristics, and Habits of Elite Entrepreneurs / _cKevin D. Johnson. |
||
| 264 |
_aAtlanta : _bJohnson Media Inc. _c2013. |
||
| 300 |
_a260 p.; _b23 cm. |
||
| 653 | _aმეწარმეობა | ||
| 942 |
_2udc _cᲬᲘᲒᲜᲘ |
||